Jozef Cíger Hronský život bez oddychu

Bibliographic Details
Main Author: Bellová, Vlasta, 1954- (Author)
Other Authors: Okálová, Mária, 1950-2024 (Translator)
Format: Book
Language:Slovak
English
PhysicalDescription:[104] s. fotogr., ilustr. 21 x 28 cm
Published: Martin Matica slovenská 2011
ISBN:9788081280078
Edition:[1. vyd.]
Subjects:

MARC

LEADER 00000nam a2200000 a 4500
001 vtls010283101
003 SK-MaSNL
005 20260301031817.0
008 240315s2011 xo oa 000 0 slo
015 |a SNBA2011/08-04317 
020 |a 9788081280078  |q (brož.) 
035 |a 82CE7EC4-CA01-44A5-9110-E96C7A2F8647 
035 |a urn:nbn:sk:snk-amjhzw 
035 |a urn:nbn:sk:snk-am001ydg 
040 |a SNK  |b slo  |c SNK  |e AACR2 
041 1 |a slo  |a eng  |h slo 
044 |a xo  |c SK 
072 7 |a 821.162.4  |x Slovenská literatúra  |2 konspekt 
072 7 |a 929  |x Biografie  |2 konspekt 
080 |a 821.162.4-051  |2 2001 
080 |a 929  |2 2001 
080 |a (092)  |2 2001 
100 1 |a Bellová, Vlasta,  |d 1954-  |4 aut  |9 235769 
245 1 0 |a Jozef Cíger Hronský  |b život bez oddychu  |c Vlasta Bellová ; [preklad Mária Okálová] 
246 3 1 |a Jozef Cíger Hronský: a restless life 
250 |a [1. vyd.] 
260 |a Martin  |b Matica slovenská  |c 2011 
300 |a [104] s.  |b fotogr., ilustr.  |c 21 x 28 cm 
500 |a Kalendárium 
546 |a Súbež. názov a text angl. 
600 1 7 |a Hronský, Jozef Cíger,  |d 1896-1960  |2 SNKMA  |9 89812 
650 0 7 |a slovenskí spisovatelia  |2 SNKPH  |9 1258 
650 0 7 |a Slovak authors  |2 SNKPHeng  |9 268018 
655 7 |a biografie  |2 SNKPH  |9 27965 
655 7 |a Biography  |2 SNKPHeng  |9 266314 
700 1 |a Okálová, Mária,  |d 1950-2024  |4 trl  |9 7913 
852 |a Štátna vedecká knižnica v Banskej Bystrici 
919 |a 978-80-8128-007-8 
958 |a OND 
958 |a BX 
968 |d 821 
999 |c 577357  |d 579287 
952 |a SNK  |b SNK  |y PREZ  |7 0  |p 17A0704330  |o snkSC 145696  |i snk2011/12794  |8 0  |0 0  |1 0  |4 0  |d 2011-06-02  |l 0  |r 2025-07-15 00:00:00  |w 2026-02-23 
952 |a SNK  |b SNK  |y VYP  |7 0  |p 17A0704331  |o snkSC 145696 D1  |i snk2011/12795  |8 0  |0 0  |1 0  |4 0  |d 2011-06-02  |l 0  |r 2026-02-23 14:38:01  |w 2026-02-23